000 00362nam a22001457a 4500
008 210301b ||||| |||| 00| 0 eng d
020 _a9781133189237
041 _aeng
080 _210th
_a330.101.542
082 _a330.101.542
100 _a52
101 _aMIKRO
245 _aMicroeconomics a Contemporary Introduction
_cMcEachern, W. A
942 _2udc
_cBK
999 _c55322
_d55322